000 00857nam a2200277Ia 4500
003 OSt
005 20220928112944.0
006 a|||||r|||| 00| 0
007 ta
008 220927b |||||||| |||| 00| 0 eng d
020 _c5000
024 _a109691
037 _b1213, 12/10/2010, Kiran Book Service
_cTextual
040 _aSDCL
_cSDCL
_beng
041 _2eng
_aeng
082 _a4, Q0.1-.3
100 _aChaturvedi B K
_9402075
245 0 _aMass communication
_b Principles and practices.3V.
260 _aNew Delhi
_bGlobal Vision Publishing
_c2010
300 _aV1:xi,406p.,V2:xi;742p.,V3:xi;1121p.
_ccm.
490 _vV1:xi,406p.
650 _aHindi
_9391598
700 _a Mittal S K
_9430882
942 _h4, Q0.1-.3
_cTEXL
_2CC
999 _c747298
_d747298